[Event "Regionalliga NW 1516"]
[Site "Bayern"]
[Date "2015.10.25"]
[Round "2.6"]
[White "Mueller, Roland1111"]
[Black "Stadtmueller, Michael"]
[Result "0-1"]
[WhiteElo "1899"]
[BlackElo "1889"]
[PlyCount "74"]
[EventDate "2015.10.11"]
[EventType "team-tourn"]
[EventRounds "9"]
[EventCountry "GER"]
[SourceTitle "EXT 2018"]
[Source "ChessBase"]
[SourceDate "2017.10.13"]
[SourceVersion "1"]
[SourceVersionDate "2017.10.13"]
[SourceQuality "1"]
[WhiteTeam "Bad Koenigshofen"]
[BlackTeam "Moembris"]
[WhiteTeamCountry "GER"]
[BlackTeamCountry "GER"]

1. e4 c5 2. Nf3 Nc6 3. d4 cxd4 4. Nxd4 d6 5. Bb5 Bd7 6. c4 g6 7. 0-0 Bg7 8. Be3 Nf6 9. f3 0-0 10. Nc3 Ne8 11. Qd2 Nc7 12. Ba4 Ne6 13. Nxe6 Bxe6 14. Nd5 Ne5 15. Rac1 Rc8 16. b3 b6 17. Nf4 Bd7 18. Bxd7 Qxd7 19. Rfd1 Rfd8 20. Nd5 Nc6 21. Kh1 f6 22. Bxb6 axb6 23. Nxb6 Qa7 24. Nxc8 Rxc8 25. c5 dxc5 26. Qd5+ Kf8 27. Rxc5 Rd8 28. Qxd8+ Nxd8 29. Rxd8+ Kf7 30. Rc2 Qa5 31. Rd1 h5 32. g3 Bh6 33. Kg2 g5 34. Rd5 Qe1 35. h3 g4 36. Rxh5 gxf3+ 37. Kxf3 Qe3+ 0-1

[Event "Regionalliga NW 1415"]
[Site "Bayern"]
[Date "2015.01.18"]
[Round "5.6"]
[White "Stadtmueller, Michael"]
[Black "Scheidt, Joerg"]
[Result "1-0"]
[WhiteElo "1889"]
[BlackElo "1957"]
[PlyCount "85"]
[EventDate "2014.10.19"]
[EventType "team-tourn"]
[EventRounds "9"]
[EventCountry "GER"]
[SourceTitle "EXT 2018"]
[Source "ChessBase"]
[SourceDate "2017.10.13"]
[SourceVersion "1"]
[SourceVersionDate "2017.10.13"]
[SourceQuality "1"]
[WhiteTeam "Moembris"]
[BlackTeam "Hof PTSV"]
[WhiteTeamCountry "GER"]
[BlackTeamCountry "GER"]

1. d4 e6 2. Nf3 c5 3. e3 d5 4. c4 Nc6 5. Nc3 Nf6 6. a3 a6 7. Bd3 cxd4 8. exd4 dxc4 9. Bxc4 b5 10. Ba2 b4 11. axb4 Nxb4 12. Bb3 Be7 13. Ba4+ Kf8 14. 0-0 Bb7 15. Ne5 Rc8 16. Be3 Rc7 17. Rc1 Qa8 18. f3 Bd6 19. Bf4 Qd8 20. Bg5 h6 21. Bh4 g5 22. Bf2 Kg7 23. Qe2 Qe7 24. Rfd1 Rhc8 25. Qe1 Nbd5 26. Ne4 Bb4 27. Qf1 Nxe4 28. fxe4 Nf4 29. Rxc7 Rxc7 30. g3 Ng6 31. Nxg6 Kxg6 32. Qd3 f5 33. d5 exd5 34. exf5+ Kf7 35. Bd4 Rc4 36. f6 Qe4 37. Qxe4 dxe4 38. Bb3 Bd5 39. Bxc4 Bxc4 40. Kf2 Bd3 41. Rc1 Ba5 42. Rc8 Kg6 43. Ke3 1-0

[Event "Unterfranken-ch HB 60th"]
[Site "Obernau"]
[Date "2009.04.13"]
[Round "2"]
[White "Nagel, Erwin"]
[Black "Stadtmueller, Michael"]
[Result "0-1"]
[WhiteElo "1679"]
[BlackElo "1812"]
[PlyCount "76"]
[EventDate "2009.04.13"]
[EventType "swiss"]
[EventRounds "9"]
[EventCountry "GER"]
[SourceTitle "EXT 2015"]
[Source "ChessBase"]
[SourceDate "2014.11.20"]
[SourceVersion "1"]
[SourceVersionDate "2014.11.20"]
[SourceQuality "1"]

1. c4 Nf6 2. Nc3 g6 3. Nf3 Bg7 4. g3 c6 5. Bg2 d5 6. cxd5 cxd5 7. d4 Nc6 8. 0-0 0-0 9. Bg5 Ne4 10. Bf4 Nxc3 11. bxc3 b5 12. a3 Ba6 13. Re1 Rc8 14. Qd2 e6 15. Reb1 Qd7 16. h3 Na5 17. Ne1 Rc4 18. Qd3 Rfc8 19. Bd2 R4c6 20. Nc2 b4 21. Qf3 bxc3 22. Be1 R6c7 23. Bf1 Qa4 24. Nb4 c2 25. Nxa6 cxb1Q 26. Rxb1 Rc1 27. Rxc1 Rxc1 28. Bxa5 Qxa5 29. Nb4 Ra1 30. Nc2 Rc1 31. Qd3 Qa4 32. Nb4 Bf8 33. e3 Bxb4 34. axb4 Qxb4 35. Qe2 a5 36. Qa6 Qe1 37. Kg2 a4 38. g4 Qxf1+ 0-1